ARRUPE JESUIT UNIVERSITY

CORONAVIRUS -STOP THE SPREAD - CLEAN,DISINFECT,COVER

Journey to the Jade sea (Record no. 99483)

MARC details
000 -LEADER
fixed length control field 00458nam a2200205Ia 4500
003 - CONTROL NUMBER IDENTIFIER
control field 0100
005 - DATE AND TIME OF LATEST TRANSACTION
control field 20170526080115.0
008 - FIXED-LENGTH DATA ELEMENTS--GENERAL INFORMATION
fixed length control field 130307s9999 xx 000 0 und d
040 ## - CATALOGING SOURCE
Transcribing agency ARRUPELIB
050 ## - LIBRARY OF CONGRESS CALL NUMBER
Classification number DT434.E22H5 1965
300 ## - PHYSICAL DESCRIPTION
Other physical details 22 cm.
100 ## - MAIN ENTRY--PERSONAL NAME
Personal name Hillaby, John
9 (RLIN) 31074
245 ## - TITLE STATEMENT
Title Journey to the Jade sea
260 ## - PUBLICATION, DISTRIBUTION, ETC. (IMPRINT)
Name of publisher, distributor, etc Paladin
Place of publication, distribution, etc London
Date of publication, distribution, etc 1965
300 ## - PHYSICAL DESCRIPTION
Extent 208p.
650 ## - SUBJECT ADDED ENTRY--TOPICAL TERM
Topical term or geographic name as entry element HISTORY
9 (RLIN) 8438
650 ## - SUBJECT ADDED ENTRY--TOPICAL TERM
Topical term following geographic name as entry element Kenya
General subdivision Description and travel
9 (RLIN) 30611
942 ## - ADDED ENTRY ELEMENTS (KOHA)
Source of classification or shelving scheme Library of Congress Classification
Koha item type Monograph ( Printed materials)
Holdings
Withdrawn status Lost status Source of classification or shelving scheme Damaged status Not for loan Collection code Home library Current library Date acquired Total Checkouts Full call number Barcode Date last seen Copy number Price effective from Koha item type
    Library of Congress Classification     Main Collection ARRUPE LIBRARY ARRUPE LIBRARY 07/03/2013   DT434.E22H5 1965 46600000058 07/12/2017 1 07/03/2013 Monograph ( Printed materials)

 

Arrupe Library. PO Box MP320 Mt Pleasant, Harare, Zimbabwe
263 242 745411|librarian@aju.ac.zw